Pláticas: por Arriano
Guardat en:
| Autor principal: | |
|---|---|
| Format: | Llibre |
| Idioma: | espanyol grec |
| Publicat: |
Barcelona
Alma Mater
1957
|
| Col·lecció: | Hispanica de autores griegos y latinos
|
| Matèries: | |
| Etiquetes: |
Afegir etiqueta
Sense etiquetes, Sigues el primer a etiquetar aquest registre!
|
MARC
| LEADER | 00000nam a2200000 a 4500 | ||
|---|---|---|---|
| 001 | UCV8695 | ||
| 003 | CL-VaPUC | ||
| 008 | 911121e19570000SP |||||||||||||||||spa|d | ||
| 041 | 0 | 7 | |a spa |2 CL-VaPUC |
| 041 | 0 | 7 | |a gre |2 CL-VaPUC |
| 082 | 0 | 4 | |a 885 |b EPI |2 21 |
| 100 | |a Epicteto |e author |9 439826 | ||
| 245 | 1 | 0 | |a Pláticas: por Arriano |
| 300 | |a v | ||
| 942 | |c BK | ||
| 945 | |d 19911121 00:00:00 | ||
| 260 | |a Barcelona |b Alma Mater |c 1957 | ||
| 650 | 0 | |a Oratoria griega |9 265027 | |
| 583 | |a last modification |c 19911121 00:00:00 |k Rodrigo Vera | ||
| 490 | 0 | |a Hispanica de autores griegos y latinos | |
| 999 | |c 214174 |d 214172 | ||
| 952 | |0 0 |1 0 |4 0 |6 885_000000000000000_EPI_1957 |7 0 |8 P |9 197301 |a BIBARQ |b BIBARQ |d 2019-11-14 |h v.1 |i 2649853 |o 885 EPI 1957 |p 2649853 |r 2025-01-20 |w 2019-11-14 |y BK |k ARQ | ||